Normal view MARC view

Entry Nombre personal

Number of records used in: 40

001 - NÚMERO DE CONTROL

  • campo de control: 75599

003 - IDENTIFICADOR DE NÚMERO DE CONTROL

  • campo de control: OSt

005 - FECHA Y HORA DE LA ÚLTIMA TRANSACCIÓN

  • campo de control: 20240418104242.0

008 - ELEMENTOS DE DATO DE LONGITUD-FIJA

  • campo de control de longitud fija: 010921 n acnnnaaan n ann d

024 7# - IDENTIFICADOR DE OTROS ESTÁNDARES

  • Fuente: VIAF, 18-4-2024
  • Número estándar o código: http://viaf.org/viaf/98027307

040 ## - FUENTE DE CATALOGACIÓN

  • Centro catalogador/agencia de origen: OSt
  • Centro/agencia transcriptor: OSt

100 1# - ENCABEZAMIENTO-NOMBRE DE PERSONA

  • Nombre de persona: Mainer, José-Carlos,
  • Fechas asociadas al nombre: 1944-

400 1# - TRAZADO DE VÉASE--NOMBRE DE PERSONA

  • Nombre de persona: Mainer Baque, José Carlos

400 1# - TRAZADO DE VÉASE--NOMBRE DE PERSONA

  • Nombre de persona: Mainer, José Carlos